Lucretius : de rerum natura

Αποθηκεύτηκε σε:
Λεπτομέρειες βιβλιογραφικής εγγραφής
Κύριος συγγραφέας: Lucretius Carus, Titus
Άλλοι συγγραφείς: Rouse, W. H. D. (William Henry Denham), 1863-1950 (Μεταφραστής), Smith, Martin Ferguson (Συγγραφέας εισαγωγής κ.λπ.)
Μορφή: Βιβλίο
Γλώσσα:English
Latin
Δημοσίευση: London : Harvard University Press, 1992
Σειρά:Loeb classical library ; ; 181
Θέματα:
Ετικέτες: Προσθήκη ετικέτας
Δεν υπάρχουν, Καταχωρήστε ετικέτα πρώτοι!

MARC

LEADER 00000cam a2200000 i 4500
001 1/20253
008 960705r19921924 eng d
020 |a 0-674-99200-8 
035 |l 10021516 
040 |a GR-MY-UA  |b gre  |e aacr 
041 0 |a eng  |a lat 
082 0 |a 871.01  |2 (22) 
100 1 |a Lucretius Carus, Titus. 
245 1 0 |a Lucretius :  |b de rerum natura /  |c Lucretius Carus, Titus ; μετάφραση: W. H. D. Rouse ; revised with new text, introduction, notes and index by Martin Ferguson Smith 
246 3 3 |a On the nature of things  |b ; on the nature of things 
246 3 3 |a De rerum natura 
260 |a London :   |b Harvard University Press,   |c 1992 
300 |a lxii, 601 σ.;  |c 17 εκ. 
490 1 |a Loeb classical library  |v ; 181 
504 |a Περιλαμβάνει ευρετήριο 
650 0 0 |a Didactic poetry, Latin. 
650 0 0 |a Philosophy, Ancient  |x Poetry. 
650 0 0 |a Latin poetry. 
700 1 |a Rouse, W. H. D.   |q (William Henry Denham),   |d 1863-1950.  |4 trl 
700 1 |a Smith, Martin Ferguson.  |4 aui 
830 0 |a Loeb classical library ;  |v ; 181 
852 |a INST  |b CHIOS  |e 19960705  |h 187 LUC  |p 005200001902  |q 005200001902  |t BK  |y 0 
852 |a INST  |b LESVOS  |e 19980305  |h 871.01 LUC  |p 005100014966  |q 005100014966  |t BK  |y 0 
909 |a Χ  |b 032681 
909 |a Λ  |b 032938 
922 |a 2ΕΛΗ  |b 199311  |c ΦΡΑΓΚΟΜΙΧΑΛΟΣ  |d LEADER BOOKS